000 00553nam a22001937a 4500
003 KOHA_MİRAKIL
005 20251003140304.0
008 251003b tu ||||| |||| 00| 0 tur d
020 _a9789750852626
040 _aTR-AnABB
_btur
_cTR-AnABB
041 _atur
082 _a813.42
_bOZD 2021
100 1 _aÖzdem, Filiz,
245 1 0 _aBütün ateşler söndüğünde /
_cFiliz Özdem
260 _aAnkara :
_bYapı Kredi Kültür Yayınları,
_c2021
300 _a168 sayfa ;
_c21 cm
650 0 4 _aTürk edebiyatı, roman
942 _2ddc
_cBK
999 _c9071
_d9071
900 _bGizem YORULMAZ